000 00340nam a22001217a 4500
999 _c1999
_d1999
005 20200908113833.0
008 200908b ||||| |||| 00| 0 eng d
020 _a11485
040 _cCML
245 _aThe Earth.
_cBeiser, A.
260 _aNew york
_bTime-Life International
_c1964
942 _2ddc
_cBK
_e1st Edition
_h525
_mBEI